Acto de clausura de la exposición de materiales arqueológicos campaña 1972
Publicado:
San Jorge, núm. 89 (1r trimestre 1973), pàg 49 :
MARC
| LEADER | 00000nam a2200000Ia 4500 | ||
|---|---|---|---|
| 001 | |||
| 008 | 160829s9999 xx 000 0 cat d | ||
| 245 | |a Acto de clausura de la exposición de materiales arqueológicos campaña 1972 | ||
| 260 | |a San Jorge, núm. 89 (1r trimestre 1973), pàg 49 | ||
| 610 | 2 | 0 | |a Museu de Badalona |v Exposicions |9 54992 |
| 650 | |a Arqueologia |x Materials |9 41854 | ||
| 901 | |a Arxiu | ||
| 942 | |n 1 | ||
| 952 | |0 0 |1 0 |4 0 |7 1 |9 50513 |a Arxiu |b Arxiu |d 2016-12-01 |l 0 |r 2016-12-01 00:00:00 |w 2016-12-01 |y ARXIU | ||
| 999 | |c 54355 |d 54355 | ||